000 00530nam a2200169Ia 4500
003 IN-BaIIA
008 211028s9999 xx 000 0 eng d
040 _cIIA Library
080 _a53(047)
_bPHY
100 _aPedersen, C. I.
_96001
245 0 _aReports on progress in physics
_bvol. XXXI, pt. II
_cPedersen, C. I.
260 _aLondon
_bThe Institute of Physics and the Physical Society
_c1968
300 _a418-859p.
650 _aPhysics
_973
650 _aProgress
942 _cBK
999 _c3383
_d3383